[Event "SRB-chT2 East"]
[Site "Serbia"]
[Date "2017.09.09"]
[Round "2.5"]
[White "Njegic, Vladimir"]
[Black "Dimitrijevic, Srdjan"]
[Result "0-1"]
[WhiteElo "2133"]
[BlackElo "2259"]
[PlyCount "88"]
[EventDate "2017.09.08"]
[EventType "team-tourn"]
[EventRounds "11"]
[EventCountry "SRB"]
[SourceTitle "EXT 2022"]
[Source "ChessBase"]
[SourceDate "2021.10.06"]
[SourceVersion "1"]
[SourceVersionDate "2021.10.06"]
[SourceQuality "1"]

1. d4 d5 2. c4 c6 3. cxd5 cxd5 4. Nc3 Nf6 5. Bf4 Nc6 6. Nf3 a6 7. h3 e6 8. e3 Bd6 9. Bxd6 Qxd6 10. Bd3 0-0 11. 0-0 Bd7 12. Rc1 Rfd8 13. Re1 Be8 14. Bb1 b5 15. Ne2 Rac8 16. Nf4 Ne4 17. Bxe4 dxe4 18. Ng5 Qb4 19. Qg4 Qe7 20. Qg3 e5 21. dxe5 Qxe5 22. Ne2 Rd5 23. Qxe5 Rxe5 24. h4 f6 25. Nh3 Rd8 26. Red1 Rc5 27. Rxd8 Rxc1+ 28. Nxc1 Nxd8 29. Nf4 Bf7 30. Nce2 Nc6 31. Kf1 Kf8 32. Ke1 Ke7 33. Kd2 Kd6 34. Ng3 Ke5 35. a3 a5 36. Nfe2 b4 37. axb4 axb4 38. f4+ Kd5 39. f5 Na5 40. Nf1 Nc6 41. g4 Na5 42. Nh2 Nc4+ 43. Kc2 Nxe3+ 44. Kb3 Kc5+ 0-1

[Event "SRB-chT 1st League"]
[Site "Kragujevac"]
[Date "2015.09.13"]
[Round "11.5"]
[White "Radovanovic, Nikola"]
[Black "Dimitrijevic, Srdjan"]
[Result "1-0"]
[WhiteElo "2407"]
[BlackElo "2258"]
[PlyCount "71"]
[EventDate "2015.09.05"]
[EventType "team-tourn"]
[EventRounds "11"]
[EventCountry "SRB"]
[SourceTitle "EXT 2016"]
[Source "ChessBase"]
[SourceDate "2015.10.08"]
[SourceVersion "1"]
[SourceVersionDate "2015.10.08"]
[SourceQuality "1"]
[WhiteTeam "Paracin"]
[BlackTeam "Leskovac Glubocica"]
[WhiteTeamCountry "SRB"]
[BlackTeamCountry "SRB"]

1. d4 Nf6 2. c4 e6 3. Nf3 d5 4. Nc3 Bb4 5. cxd5 exd5 6. Bg5 Nbd7 7. e3 0-0 8. Bd3 c5 9. 0-0 Qa5 10. Qc2 c4 11. Bf5 Bxc3 12. bxc3 Re8 13. Nd2 Ne4 14. Bxe4 dxe4 15. Bf4 Qd5 16. Rfb1 g5 17. Bg3 b5 18. a4 Ba6 19. axb5 Bxb5 20. Nxe4 Bc6 21. f3 Qf5 22. Ra6 Re6 23. Rba1 h5 24. R1a5 Bd5 25. Rxe6 fxe6 26. Qc1 h4 27. Nd6 Qd3 28. e4 Kf8 29. exd5 Rb8 30. Rb5 Rxb5 31. Nxb5 hxg3 32. dxe6 Nf6 33. hxg3 g4 34. Nc7 Nh5 35. Qh6+ Ng7 36. Qh8+ 1-0

[Event "SRB-chT 1st League"]
[Site "Kragujevac"]
[Date "2015.09.12"]
[Round "10.2"]
[White "Dimitrijevic, Srdjan"]
[Black "Ostojic, Nikola"]
[Result "1/2-1/2"]
[WhiteElo "2258"]
[BlackElo "2420"]
[PlyCount "25"]
[EventDate "2015.09.05"]
[EventType "team-tourn"]
[EventRounds "11"]
[EventCountry "SRB"]
[SourceTitle "EXT 2016"]
[Source "ChessBase"]
[SourceDate "2015.10.08"]
[SourceVersion "1"]
[SourceVersionDate "2015.10.08"]
[SourceQuality "1"]
[WhiteTeam "Leskovac Glubocica"]
[BlackTeam "Valjevo 2005"]
[WhiteTeamCountry "SRB"]
[BlackTeamCountry "SRB"]

1. d4 Nf6 2. c4 c5 3. d5 g6 4. Nc3 Bg7 5. e4 0-0 6. Nf3 e6 7. Be2 exd5 8. cxd5 d6 9. 0-0 a6 10. a4 Bg4 11. Nd2 Bxe2 12. Qxe2 Nbd7 13. Nc4 1/2-1/2

[Event "SRB-chT 1st League"]
[Site "Kragujevac"]
[Date "2015.09.11"]
[Round "9.6"]
[White "Dimitrijevic, Srdjan"]
[Black "Ristic, Nenad"]
[Result "0-1"]
[WhiteElo "2258"]
[BlackElo "2440"]
[PlyCount "70"]
[EventDate "2015.09.05"]
[EventType "team-tourn"]
[EventRounds "11"]
[EventCountry "SRB"]
[SourceTitle "EXT 2016"]
[Source "ChessBase"]
[SourceDate "2015.10.08"]
[SourceVersion "1"]
[SourceVersionDate "2015.10.08"]
[SourceQuality "1"]
[WhiteTeam "Leskovac Glubocica"]
[BlackTeam "Smederevska Palanka"]
[WhiteTeamCountry "SRB"]
[BlackTeamCountry "SRB"]

1. d4 Nf6 2. Nf3 g6 3. c4 Bg7 4. g3 c5 5. d5 b5 6. Bg2 d6 7. 0-0 0-0 8. cxb5 a6 9. b6 Nbd7 10. Nc3 Nxb6 11. Ne1 a5 12. Nc2 a4 13. Na3 Nfd7 14. f4 Ba6 15. Re1 Nc4 16. Nxc4 Bxc4 17. Qc2 Qa5 18. Bd2 Rfb8 19. Nd1 Qb5 20. Bc3 Bxc3 21. bxc3 a3 22. h4 Nf6 23. Qd2 Ra6 24. Bf3 e6 25. e4 exd5 26. exd5 Qa4 27. g4 Rab6 28. g5 Nd7 29. h5 Nf8 30. h6 Re8 31. Ne3 Rb2 32. Qd1 Bb3 33. axb3 Qxf4 34. Ng2 Rxe1+ 35. Nxe1 Qh2+ 0-1

[Event "SRB-chT 1st League"]
[Site "Kragujevac"]
[Date "2015.09.10"]
[Round "8.1"]
[White "Colovic, Dusan"]
[Black "Dimitrijevic, Srdjan"]
[Result "1-0"]
[WhiteElo "2375"]
[BlackElo "2258"]
[PlyCount "71"]
[EventDate "2015.09.05"]
[EventType "team-tourn"]
[EventRounds "11"]
[EventCountry "SRB"]
[SourceTitle "EXT 2016"]
[Source "ChessBase"]
[SourceDate "2015.10.08"]
[SourceVersion "1"]
[SourceVersionDate "2015.10.08"]
[SourceQuality "1"]
[WhiteTeam "Lucani Mladost"]
[BlackTeam "Leskovac Glubocica"]
[WhiteTeamCountry "SRB"]
[BlackTeamCountry "SRB"]

1. d4 d5 2. Bf4 Nf6 3. e3 c5 4. c3 Nc6 5. Nd2 Qb6 6. Qb3 c4 7. Qc2 Bg4 8. h3 Bh5 9. Ngf3 Bg6 10. Qc1 Qd8 11. Nh4 e6 12. Nxg6 hxg6 13. b3 b5 14. bxc4 bxc4 15. e4 Be7 16. Be2 Nd7 17. 0-0 Nb6 18. exd5 exd5 19. Re1 0-0 20. Nf3 Bd6 21. Bd1 Qc7 22. Bxd6 Qxd6 23. Bc2 Rfe8 24. Qg5 Nd7 25. Ba4 Rxe1+ 26. Rxe1 Nf6 27. Qg3 Qxg3 28. fxg3 Nd8 29. Ng5 Kf8 30. Nh7+ Kg8 31. Nxf6+ gxf6 32. Re8+ Kg7 33. Bc6 Rb8 34. Bxd5 Rb1+ 35. Kh2 Ne6 36. Bxc4 1-0

[Event "Belgrade Spring op"]
[Site "Belgrade"]
[Date "2012.03.30"]
[Round "7"]
[White "Martic, Ivan"]
[Black "Dimitrijevic, Srdjan"]
[Result "1-0"]
[WhiteElo "2392"]
[BlackElo "2306"]
[PlyCount "55"]
[EventDate "2012.03.24"]
[EventType "swiss"]
[EventRounds "9"]
[EventCountry "SRB"]
[SourceTitle "CBM 147 Extra"]
[Source "ChessBase"]
[SourceDate "2012.04.24"]
[SourceVersion "1"]
[SourceVersionDate "2012.04.24"]
[SourceQuality "1"]

1. e4 c5 2. Nf3 Nc6 3. d4 cxd4 4. Nxd4 g6 5. Nc3 Bg7 6. Be3 Nf6 7. Bc4 0-0 8. Bb3 d6 9. f3 Bd7 10. Qd2 Rc8 11. 0-0-0 Ne5 12. Kb1 a6 13. h4 h5 14. g4 hxg4 15. h5 Nxh5 16. Bh6 Kh7 17. Bxg7 Kxg7 18. fxg4 Bxg4 19. Nf5+ Bxf5 20. exf5 Rh8 21. fxg6 Rxc3 22. Qxc3 fxg6 23. Rdf1 Nf6 24. Rxh8 Kxh8 25. Qh3+ Kg7 26. Rh1 Nh5 27. Qg2 Qa5 28. Qxb7 1-0

[Event "Belgrade Spring op"]
[Site "Belgrade"]
[Date "2012.03.25"]
[Round "2"]
[White "Dimitrijevic, Srdjan"]
[Black "Tadic, Katarina"]
[Result "1-0"]
[WhiteElo "2306"]
[BlackElo "2097"]
[PlyCount "81"]
[EventDate "2012.03.24"]
[EventType "swiss"]
[EventRounds "9"]
[EventCountry "SRB"]
[SourceTitle "CBM 147 Extra"]
[Source "ChessBase"]
[SourceDate "2012.04.24"]
[SourceVersion "1"]
[SourceVersionDate "2012.04.24"]
[SourceQuality "1"]

1. d4 d5 2. c4 c6 3. Nf3 Nf6 4. e3 Bf5 5. Nc3 e6 6. Qb3 Qb6 7. c5 Qc7 8. Nh4 Bg4 9. h3 Bh5 10. g4 Bg6 11. Nxg6 hxg6 12. g5 Nh5 13. Qa4 Be7 14. Rg1 e5 15. Nxd5 Qd7 16. Nxe7 Qxe7 17. Bd2 exd4 18. Qxd4 Nd7 19. Qd6 Nxc5 20. Qxe7+ Kxe7 21. Bb4 b6 22. Rg4 Rhd8 23. Bg2 Rd6 24. Bxc5 bxc5 25. Rc4 Rb8 26. b3 Rb5 27. Rac1 Ra5 28. R1c2 f6 29. Rxc5 Rxc5 30. Rxc5 fxg5 31. Rxc6 Nf6 32. Rc7+ Rd7 33. Rxd7+ Kxd7 34. Bf3 Kd6 35. Kd2 Kc5 36. Kc3 Nd7 37. b4+ Kd6 38. Kd4 Ne5 39. Be4 g4 40. hxg4 Nxg4 41. f4 1-0

[Event "Belgrade Spring op"]
[Site "Belgrade"]
[Date "2012.03.24"]
[Round "1"]
[White "Belada, Nikola"]
[Black "Dimitrijevic, Srdjan"]
[Result "0-1"]
[WhiteElo "1872"]
[BlackElo "2306"]
[PlyCount "46"]
[EventDate "2012.03.24"]
[EventType "swiss"]
[EventRounds "9"]
[EventCountry "SRB"]
[SourceTitle "CBM 147 Extra"]
[Source "ChessBase"]
[SourceDate "2012.04.24"]
[SourceVersion "1"]
[SourceVersionDate "2012.04.24"]
[SourceQuality "1"]

1. d4 Nf6 2. c4 g6 3. Nc3 Bg7 4. e4 d6 5. Nf3 0-0 6. Be2 c5 7. 0-0 cxd4 8. Nxd4 Nc6 9. Be3 Bd7 10. h3 Nxd4 11. Bxd4 Bc6 12. Bf3 Nd7 13. Bxg7 Kxg7 14. Rc1 Qa5 15. a3 Ne5 16. Be2 g5 17. Qd2 Kh8 18. Qxg5 Nf3+ 19. Bxf3 Qxg5 20. Nd5 Bxd5 21. cxd5 Rac8 22. Rb1 Rc2 23. Bg4 Qe5 0-1

[Event "Nis op"]
[Site "Nis"]
[Date "2012.03.17"]
[Round "8"]
[White "Milenkovic, Mladen"]
[Black "Dimitrijevic, Srdjan"]
[Result "1-0"]
[WhiteElo "2397"]
[BlackElo "2306"]
[PlyCount "85"]
[EventDate "2012.03.11"]
[EventType "swiss"]
[EventRounds "9"]
[EventCountry "SRB"]
[SourceTitle "CBM 147 Extra"]
[Source "ChessBase"]
[SourceDate "2012.04.24"]
[SourceVersion "1"]
[SourceVersionDate "2012.04.24"]
[SourceQuality "1"]

1. e4 c5 2. Nf3 Nc6 3. d4 cxd4 4. Nxd4 g6 5. Nc3 Bg7 6. Be3 Nf6 7. Bc4 0-0 8. Bb3 d6 9. f3 Bd7 10. Qd2 Rc8 11. 0-0-0 Ne5 12. Kb1 a6 13. h4 h5 14. Bg5 Rc5 15. g4 hxg4 16. f4 Nc4 17. Qd3 Qc8 18. Bxf6 Bxf6 19. Nd5 Rxd5 20. exd5 Na5 21. h5 Bf5 22. Nxf5 gxf5 23. h6 Nxb3 24. axb3 Rd8 25. Rh5 e6 26. Rh2 Kh8 27. dxe6 fxe6 28. h7 Qd7 29. c3 Bg7 30. Kc2 b5 31. Qe3 d5 32. Re2 Re8 33. Qb6 e5 34. fxe5 f4 35. e6 Qe7 36. Rxd5 f3 37. Re4 g3 38. Rf5 f2 39. Rf7 Qd8 40. Qxd8 Rxd8 41. Rg4 Bh6 42. e7 Rd2+ 43. Kb1 1-0

[Event "Nis op"]
[Site "Nis"]
[Date "2012.03.13"]
[Round "3"]
[White "Dimitrijevic, Srdjan"]
[Black "Stojiljkovic, Stefan Z"]
[Result "1-0"]
[WhiteElo "2306"]
[BlackElo "1955"]
[PlyCount "91"]
[EventDate "2012.03.11"]
[EventType "swiss"]
[EventRounds "9"]
[EventCountry "SRB"]
[SourceTitle "CBM 147 Extra"]
[Source "ChessBase"]
[SourceDate "2012.04.24"]
[SourceVersion "1"]
[SourceVersionDate "2012.04.24"]
[SourceQuality "1"]

1. d4 Nf6 2. c4 c5 3. d5 b5 4. Nf3 d6 5. cxb5 a6 6. b6 Qxb6 7. Nc3 g6 8. e4 Bg7 9. Be2 0-0 10. 0-0 Nbd7 11. h3 Bb7 12. Rb1 e6 13. dxe6 fxe6 14. e5 dxe5 15. Nd2 Rad8 16. Nc4 Qc7 17. Qd6 Qc6 18. Qxc6 Bxc6 19. Bg5 h6 20. Bh4 g5 21. Bg3 Nd5 22. Bg4 Nf4 23. Rfd1 Kh8 24. Rd6 Bb5 25. Nxb5 axb5 26. Rbd1 bxc4 27. Rxd7 Nd3 28. Rxd8 Rxd8 29. Bxe6 Ra8 30. b3 Rxa2 31. bxc4 e4 32. Bf5 Bd4 33. Bxe4 Nxf2 34. Rxd4 cxd4 35. Bxf2 Ra1+ 36. Kh2 Rd1 37. Kg3 d3 38. Kf3 d2 39. Ke2 Rc1 40. Bd4+ Kg8 41. Kxd2 Rh1 42. c5 Kf7 43. c6 Ke6 44. c7 Kd7 45. Be5 Rf1 46. Bb7 1-0

[Event "SRB-chT"]
[Site "Valjevo"]
[Date "2011.09.04"]
[Round "9.1"]
[White "Miladinovic, Igor"]
[Black "Dimitrijevic, Srdjan"]
[Result "1-0"]
[WhiteElo "2566"]
[BlackElo "2302"]
[PlyCount "97"]
[EventDate "2011.08.27"]
[EventType "team-tourn"]
[EventRounds "11"]
[EventCountry "SRB"]
[SourceTitle "CBM 144 Extra"]
[Source "ChessBase"]
[SourceDate "2011.10.28"]
[SourceVersion "1"]
[SourceVersionDate "2011.10.28"]
[SourceQuality "1"]
[WhiteTeam "Belgrade Agro"]
[BlackTeam "Belgrade Cirilo i Metodije"]
[WhiteTeamCountry "SRB"]
[BlackTeamCountry "SRB"]

1. d4 d5 2. c4 c6 3. cxd5 cxd5 4. Nc3 Nf6 5. Bf4 e6 6. e3 Bd6 7. Bxd6 Qxd6 8. f4 0-0 9. Bd3 b6 10. Rc1 Nc6 11. Nf3 a6 12. Ne5 Ne7 13. 0-0 Bb7 14. Qf3 Ne8 15. Qh3 f5 16. g4 g6 17. g5 Rc8 18. Qg2 Ng7 19. a3 Rc7 20. Qe2 Ra8 21. Na2 Ne8 22. h4 Nc6 23. Nxc6 Rxc6 24. Rxc6 Qxc6 25. h5 Nd6 26. Qh2 Qd7 27. Kf2 Rc8 28. Rh1 Qg7 29. Kf3 a5 30. Nc3 Bc6 31. Qe2 Be8 32. hxg6 Bxg6 33. Kf2 Qd7 34. Rc1 Qe8 35. Qd1 Qd8 36. Qb3 Be8 37. Rh1 Nc4 38. Rh6 Bg6 39. Bxc4 Rxc4 40. Ke2 Qc7 41. Kd2 Qc6 42. a4 Rb4 43. Qa2 Rc4 44. b3 Rb4 45. Qc2 e5 46. Na2 Qe6 47. Nxb4 exf4 48. exf4 axb4 49. Qd3 1-0

[Event "SRB-chT"]
[Site "Valjevo"]
[Date "2011.08.30"]
[Round "4.4"]
[White "Kovacevic, Aleksandar"]
[Black "Dimitrijevic, Srdjan"]
[Result "1-0"]
[WhiteElo "2568"]
[BlackElo "2302"]
[PlyCount "57"]
[EventDate "2011.08.27"]
[EventType "team-tourn"]
[EventRounds "11"]
[EventCountry "SRB"]
[SourceTitle "CBM 144 Extra"]
[Source "ChessBase"]
[SourceDate "2011.10.28"]
[SourceVersion "1"]
[SourceVersionDate "2011.10.28"]
[SourceQuality "1"]
[WhiteTeam "Novi Sad DDOR"]
[BlackTeam "Belgrade Cirilo i Metodije"]
[WhiteTeamCountry "SRB"]
[BlackTeamCountry "SRB"]

1. e4 c5 2. Nf3 Nc6 3. d4 cxd4 4. Nxd4 g6 5. c4 Nf6 6. Nc3 d6 7. Be2 Nxd4 8. Qxd4 Bg7 9. Be3 0-0 10. Qd2 Be6 11. 0-0 Nd7 12. f3 a5 13. Nb5 Nc5 14. Rab1 Bd7 15. b3 Bc6 16. Rfd1 Qc8 17. Bf1 b6 18. a3 Qb7 19. Nd4 Bd7 20. Ne2 Rfc8 21. Nf4 Bh6 22. Kh1 Ne6 23. Nd5 Bxe3 24. Qxe3 Re8 25. Nxb6 Rab8 26. Nxd7 Qxd7 27. e5 Qc7 28. exd6 exd6 29. Qd2 1-0

[Event "SRB-chT"]
[Site "Valjevo"]
[Date "2011.08.28"]
[Round "2.4"]
[White "Dimitrijevic, Srdjan"]
[Black "Abramovic, Bosko"]
[Result "1/2-1/2"]
[WhiteElo "2302"]
[BlackElo "2464"]
[PlyCount "67"]
[EventDate "2011.08.27"]
[EventType "team-tourn"]
[EventRounds "11"]
[EventCountry "SRB"]
[SourceTitle "CBM 144 Extra"]
[Source "ChessBase"]
[SourceDate "2011.10.28"]
[SourceVersion "1"]
[SourceVersionDate "2011.10.28"]
[SourceQuality "1"]
[WhiteTeam "Belgrade Cirilo i Metodije"]
[BlackTeam "Kragujevac Vodovod"]
[WhiteTeamCountry "SRB"]
[BlackTeamCountry "SRB"]

1. d4 d5 2. c4 e6 3. Nc3 Be7 4. cxd5 exd5 5. Bf4 c6 6. e3 Bf5 7. Bd3 Bxd3 8. Qxd3 Nf6 9. Nf3 Nbd7 10. h3 Nb6 11. 0-0 0-0 12. Rab1 Re8 13. Nd2 Bd6 14. Bxd6 Qxd6 15. b4 a6 16. a4 Qe7 17. Qc2 Ne4 18. Ndxe4 dxe4 19. a5 Nc4 20. Qa2 Nd6 21. d5 Rac8 22. Na4 cxd5 23. Qxd5 Nb5 24. Rfd1 Na3 25. Rbc1 Nc2 26. Nc5 Nxb4 27. Qxb7 Na2 28. Qxe7 Rxe7 29. Rc2 g6 30. Ne6 Ree8 31. Nc7 Re7 32. Ne6 Ree8 33. Nc7 Re7 34. Ne6 1/2-1/2

[Event "SRB-chT"]
[Site "Valjevo"]
[Date "2011.08.27"]
[Round "1.4"]
[White "Dimitrijevic, Srdjan"]
[Black "Strikovic, Aleksa"]
[Result "0-1"]
[WhiteElo "2302"]
[BlackElo "2573"]
[PlyCount "102"]
[EventDate "2011.08.27"]
[EventType "team-tourn"]
[EventRounds "11"]
[EventCountry "SRB"]
[SourceTitle "CBM 144 Extra"]
[Source "ChessBase"]
[SourceDate "2011.10.28"]
[SourceVersion "1"]
[SourceVersionDate "2011.10.28"]
[SourceQuality "1"]
[WhiteTeam "Belgrade Cirilo i Metodije"]
[BlackTeam "Valjevo Sveti Nikolaj"]
[WhiteTeamCountry "SRB"]
[BlackTeamCountry "SRB"]

1. d4 d6 2. Nf3 Nf6 3. c4 g6 4. Nc3 Bg7 5. e4 0-0 6. h3 e5 7. d5 a5 8. Bg5 Na6 9. g4 c6 10. Be2 Nc5 11. Nd2 Bd7 12. Nb3 Na6 13. f3 a4 14. Nc1 cxd5 15. Nxd5 Nc5 16. Nd3 Ne6 17. Be3 Nxd5 18. cxd5 Nd4 19. 0-0 f5 20. Qd2 h5 21. Kg2 hxg4 22. hxg4 Nxe2 23. Qxe2 Bb5 24. Rh1 fxe4 25. fxe4 Qc8 26. Kg3 Qc4 27. Qh2 Qxd3 28. Qh7+ Kf7 29. Rhf1+ Qxf1 30. Rxf1+ Bxf1 31. Bh6 Rg8 32. Bxg7 Rxg7 33. Qh1 Ba6 34. g5 Rf8 35. Qh3 Kg8 36. Qe6+ Kh8 37. Qxd6 Re8 38. Qf6 Kg8 39. Qd6 Kh7 40. Kf2 Rf7+ 41. Ke3 Bf1 42. Kd2 Bh3 43. Qa3 Bd7 44. Qg3 Kg8 45. Qh2 Bg4 46. Qg1 Bf3 47. Qe3 Rf4 48. Qb6 Bxe4 49. d6 Bc6 50. d7 Rd4+ 51. Qxd4 exd4 0-1

[Event "SRB-chT"]
[Site "Belgrade"]
[Date "2010.10.03"]
[Round "3"]
[White "Dimitrijevic, Radmilo"]
[Black "Dimitrijevic, Srdjan"]
[Result "0-1"]
[WhiteElo "2207"]
[BlackElo "2286"]
[PlyCount "66"]
[EventDate "2010.10.01"]
[EventType "team-tourn"]
[EventRounds "11"]
[EventCountry "YUG"]
[SourceTitle "CBM 138 Extra"]
[Source "ChessBase"]
[SourceDate "2010.10.29"]
[SourceVersion "1"]
[SourceVersionDate "2010.10.29"]
[SourceQuality "1"]

1. e4 c5 2. Nc3 Nc6 3. f4 e6 4. Nf3 Nf6 5. g3 d5 6. e5 Nd7 7. d3 Be7 8. Bg2 Rb8 9. 0-0 b5 10. Kh1 h5 11. h3 g6 12. Qe2 b4 13. Nd1 a5 14. c3 Ba6 15. Qc2 Nb6 16. Re1 Rc8 17. Qf2 Bxd3 18. Be3 Nd7 19. Qd2 Ba6 20. Bg1 Kf8 21. Ne3 Nb6 22. Rad1 Nc4 23. Nxc4 Bxc4 24. Qc2 Kg7 25. Nd2 Ba6 26. Nb3 Qb6 27. Qf2 Nb8 28. Rc1 a4 29. Nd2 a3 30. bxa3 bxc3 31. Rxc3 Qa5 32. Nb3 Qxc3 33. Rc1 Qd3 0-1

[Event "Belgrade tt Cup"]
[Site "Belgrade"]
[Date "2010.04.17"]
[Round "4.3"]
[White "Dimitrijevic, Srdjan"]
[Black "Radivojevic, Milan R"]
[Result "1/2-1/2"]
[WhiteElo "2316"]
[BlackElo "2293"]
[PlyCount "61"]
[EventDate "2010.04.14"]
[EventType "team-tourn"]
[EventRounds "5"]
[EventCountry "SRB"]
[SourceTitle "EXT 2012"]
[Source "ChessBase"]
[SourceDate "2011.11.24"]
[SourceVersion "1"]
[SourceVersionDate "2011.11.24"]
[SourceQuality "1"]

1. d4 d5 2. c4 c6 3. Nf3 Nf6 4. e3 e6 5. Nc3 Nbd7 6. Qc2 Bd6 7. Be2 0-0 8. 0-0 dxc4 9. Bxc4 e5 10. h3 exd4 11. Nxd4 Ne5 12. Be2 Ng6 13. Rd1 Qe7 14. Nf5 Bxf5 15. Qxf5 Rad8 16. b3 Rd7 17. Bb2 Rfd8 18. Na4 Be5 19. Bxe5 Nxe5 20. Qc2 h6 21. Qc5 Qxc5 22. Nxc5 Rxd1+ 23. Rxd1 Rxd1+ 24. Bxd1 b6 25. Na4 Kf8 26. Bc2 c5 27. f4 Nc6 28. Nc3 Nb4 29. Bb1 Nfd5 30. Nd1 Ke7 31. Kf2 1/2-1/2

[Event "Belgrade tt Cup"]
[Site "Belgrade"]
[Date "2010.04.16"]
[Round "3.1"]
[White "Sarenac, David"]
[Black "Dimitrijevic, Srdjan"]
[Result "1-0"]
[WhiteElo "2220"]
[BlackElo "2316"]
[PlyCount "157"]
[EventDate "2010.04.14"]
[EventType "team-tourn"]
[EventRounds "5"]
[EventCountry "SRB"]
[SourceTitle "EXT 2012"]
[Source "ChessBase"]
[SourceDate "2011.11.24"]
[SourceVersion "1"]
[SourceVersionDate "2011.11.24"]
[SourceQuality "1"]

1. e4 c5 2. Nf3 Nc6 3. d4 cxd4 4. Nxd4 g6 5. Nc3 Bg7 6. Be3 Nf6 7. Bc4 0-0 8. Bb3 d6 9. f3 Bd7 10. Qd2 Rc8 11. 0-0-0 Ne5 12. Kb1 a6 13. h4 h5 14. Bh6 Nc4 15. Bxc4 Rxc4 16. Bxg7 Kxg7 17. Nde2 Qa5 18. Qe3 Rfc8 19. Rd4 Qc5 20. Rhd1 b5 21. Qd3 Be6 22. Nf4 Qe5 23. Nxe6+ Qxe6 24. Rxc4 Rxc4 25. Qe3 Rc5 26. Rd4 Qc8 27. a4 bxa4 28. Rxa4 Nd7 29. Nd5 Rxc2 30. Nxe7 Qc7 31. Nd5 Qc6 32. Qd4+ Kh7 33. Ne3 Rc1+ 34. Ka2 Nc5 35. Ra3 Ne6 36. Qa4 Qc5 37. Qxa6 Qb4 38. Qa5 Qd4 39. Qa7 Qg7 40. Qe7 Rc7 41. Qxd6 Rb7 42. e5 Qh6 43. Qd5 Rc7 44. Qe4 Qf8 45. Nd5 Nc5 46. Qb4 Rb7 47. Qd4 Ne6 48. Qc4 Qb8 49. Qc3 Rb5 50. Nf6+ Kg7 51. Ra5 Rb7 52. Nd5 Qd8 53. g3 Rd7 54. Nf4 Qe7 55. Ra6 Rc7 56. Nxe6+ fxe6 57. Qa3 Qf7 58. Qb3 Re7 59. f4 Qf5 60. Qa3 Qf7 61. Qd6 Kh6 62. Qd8 Kh7 63. Qb8 Rb7 64. Qc8 Ra7 65. Qc6 Qe7 66. Kb1 Rb7 67. Qxe6 Qxe6 68. Rxe6 Rb3 69. Rf6 Kg7 70. f5 gxf5 71. Rxf5 Rxg3 72. Rxh5 Kf7 73. Rh6 Kg7 74. Rh5 Rh3 75. Ka2 Kg6 76. Rg5+ Kf7 77. h5 Ke6 78. b3 Kd5 79. Ka3 1-0

[Event "Belgrade tt Cup"]
[Site "Belgrade"]
[Date "2010.04.14"]
[Round "1.3"]
[White "Tasic, Zoran T"]
[Black "Dimitrijevic, Srdjan"]
[Result "1/2-1/2"]
[WhiteElo "2195"]
[BlackElo "2316"]
[PlyCount "77"]
[EventDate "2010.04.14"]
[EventType "team-tourn"]
[EventRounds "5"]
[EventCountry "SRB"]
[SourceTitle "EXT 2012"]
[Source "ChessBase"]
[SourceDate "2011.11.24"]
[SourceVersion "1"]
[SourceVersionDate "2011.11.24"]
[SourceQuality "1"]

1. f4 g6 2. Nf3 Bg7 3. e3 Nf6 4. d4 0-0 5. Be2 d5 6. 0-0 c5 7. c3 Nc6 8. Bd2 Rb8 9. Na3 Ne4 10. Be1 c4 11. b4 b5 12. Nc2 a5 13. a3 f6 14. Qb1 g5 15. Qb2 Bf5 16. Rd1 Qd7 17. Nd2 Ra8 18. bxa5 Rxa5 19. Nxe4 Bxe4 20. fxg5 fxg5 21. Rxf8+ Bxf8 22. Nb4 Nxb4 23. axb4 Ra6 24. Ra1 Qa7 25. Rxa6 Qxa6 26. Bg3 Bg7 27. Bh5 Bf6 28. h3 Kg7 29. Kh2 Qa4 30. Qd2 Qa8 31. Qf2 Qa1 32. Qd2 Qa8 33. Qf2 Qa1 34. Qd2 Bg6 35. Bf3 e6 36. Bg4 Bf5 37. Bh5 Bg6 38. Bg4 Bf5 39. Bh5 1/2-1/2